000 01135nam a2200373 c 4500
001 60479
003 SpMaBN
005 20260309170614.0
007 ta
008 200122s2019 sp a | |||| 000 p spa
017 _aZ 417-2019
_bOficina Depósito Legal Zaragoza
020 _a9788414023297
040 _aSpMaBN
_bspa
_cSpMaBN
_erda
082 _a863
_bl287h
084 _aP LAN
100 1 _aLanseros, Raquel
_d1973-
_eautor
_968781
245 1 0 _aHimbu, el pequeño pintor/
_cRaquel Lanseros ; ilustraciones, Christian Inaraja
250 _aPrimera edición
264 1 _a[Zaragoza]
_bEdelvives,
_c[2019]
264 4 _c©2019
300 _a52 páginas sin numerar
_bilustraciones a color
_c30 cm
336 _aTexto
_aImagen fija
_2rdacontent
_btxt
337 _asin mediación
_2rdamedia
_bn
338 _avolumen
_2rdacarrier
_bnc
650 _2LEMB
655 7 _aPoesías infantiles
_2tgfbne
_968782
655 7 _aLibros infantiles
_2tgfbne
655 7 _aLibros ilustrados
_2tgfbne
700 1 _aInaraja, Christian
_d1972-
_eilustrador
_960028
901 _a"ISBN"
901 _aMON20
942 _2ddc
_cBKINF
956 _a2
999 _c60479
_d60479